• 首页
  • 本馆介绍
  • 公告通知
  • 最新文献
  • 馆藏检索
  • 电子资源
  • 读者荐购
  • 参考咨询
  • CALIS
  • 我的图书馆
  • 登录
  • 详细信息显示
  • 放入我的书架
  • 预约/预借图书
  • 作者相关作品
  • 分类相关作品
  • 丛书相关作品
  • 出版社相关作品

书目信息

  • 表格格式
  • 工作单格式
  • 卡片格式
题名:
中国老玩意之谜
    
 
作者: 聂鑫森 著
分册:  
出版信息: 北京   新华出版社  2007.01
页数: 199页
开本: 22cm
丛书名: 老夫说老丛书
单 册:
中图分类: C539
科图分类:
主题词: 社会科学--she hui ke xue--杂著 , 文物--wen wu--鉴赏--中国
电子资源:
ISBN: 978-7-5011-7823-0
 
 
 
 
 
000 00887nam 2200253 450
001 012007524984
005 20071009095044.59
010    @a978-7-5011-7823-0@dCNY29.00
100    @a20070726d2007 km y0chiy0120 ea
101 0  @achi
102    @aCN@b110000
105    @aa z 000yy
200 1  @a中国老玩意之谜@Azhong guo lao wan yi zhi mi@f聂鑫森著@Fnie xin sen zhu
210    @a北京@c新华出版社@d2007.01
215    @a199页@c图@d22cm
225 2  @a老夫说老丛书@Alao fu shuo lao cong shu
330    @a本书介绍了三类旧时流传至今具有较高鉴赏和收藏价值的老古董:古器珍玩、日常用物、琴棋画曲,作者以随笔的形式阐述诸多《老玩意》的起源,历史典故和文化内蕴等内容。
410  0 @12001 @a老夫说老丛书
606 0  @a社会科学@Ashe hui ke xue@x杂著
606 0  @a文物@Awen wu@x鉴赏@y中国
690    @aC539@v4
701  0 @a聂鑫森@Anie xin sen@4著
801  0 @aCN@c20071009
905    @dC539@eN586
    
    中国老玩意之谜/聂鑫森著.-北京:新华出版社,2007.01
    199页:图;22cm.-(老夫说老丛书)
    
    
    ISBN 978-7-5011-7823-0:CNY29.00
    本书介绍了三类旧时流传至今具有较高鉴赏和收藏价值的老古董:古器珍玩、日常用物、琴棋画曲,作者以随笔的形式阐述诸多《老玩意》的起源,历史典故和文化内蕴等内容。
●
相关链接 在E读中查询图书 在当当中查询图书 在豆瓣中查询图书


正题名:中国老玩意之谜     索取号:C539/N586         预约/预借

序号 登录号 条形码 馆藏地/架位号 状态 备注
1 250163   202501630   社科库509/509社科库 55排1列5层/ [索取号:C539/N586] 在馆    
河南城建学院图书馆 欢迎您!
大连网信软件有限公司© 版权所有